| 000 | 00511nam a22001697a 4500 | ||
|---|---|---|---|
| 005 | 20251108164235.0 | ||
| 008 | 250721s1988 xx 000 0 ara d | ||
| 082 | 1 | 4 | _a309,565/احم |
| 100 | 1 | _aظاهر، أحمد | |
| 245 | 1 | 0 |
_aأغوار الأردن : _bعمليات التغيير و أداة التطوير / |
| 264 | 1 |
_aعمان : _bدار ابن رشد، _c1988. |
|
| 300 | _a420ص | ||
| 650 | 1 | 7 | _aالأردن |
| 650 | 1 | 7 | _aالأحوال الإجتماعية |
| 942 |
_2ddc _cBK |
||
| 999 |
_c7230 _d7230 |
||